[Event "ROM-ch U10"]
[Site "Calimanesti"]
[Date "2014.04.12"]
[Round "8"]
[White "Rogojina, Mihai"]
[Black "Tablan, Matei Christian"]
[Result "0-1"]
[WhiteElo "1172"]
[BlackElo "1533"]
[PlyCount "107"]
[EventDate "2014.04.06"]
[EventType "swiss"]
[EventRounds "9"]
[EventCountry "ROU"]
[SourceTitle "CBM 160 Extra"]
[Source "ChessBase"]
[SourceDate "2014.07.01"]
[SourceVersion "1"]
[SourceVersionDate "2014.07.01"]
[SourceQuality "1"]

1. e4 e6 2. d4 c5 3. Nf3 Nc6 4. c3 a6 5. Bd3 cxd4 6. cxd4 Bb4+ 7. Bd2 Bxd2+ 8. Qxd2 Qb6 9. Bc4 Qb4 10. Bb3 Qxd2+ 11. Nbxd2 Nge7 12. 0-0 0-0 13. Rac1 b5 14. Rfd1 Ra7 15. e5 Nf5 16. Ne4 Na5 17. Bc2 Bb7 18. h3 d5 19. exd6 Bxe4 20. Bxe4 Nxd6 21. Re1 Nxe4 22. Rxe4 Raa8 23. Re2 Rfc8 24. Rec2 Nc4 25. b3 Nd6 26. g4 Rxc2 27. Rxc2 Rc8 28. Rxc8+ Nxc8 29. Ne5 Nb6 30. Nc6 Nd5 31. Nb8 a5 32. Nc6 a4 33. Na7 Nc3 34. Nxb5 Nxb5 35. bxa4 Nxd4 36. a5 Nc6 37. a6 Kf8 38. f4 Ke7 39. Kf2 Kd6 40. Ke3 Kd5 41. g5 e5 42. f5 e4 43. f6 gxf6 44. gxf6 Ke5 45. a4 h6 46. h4 h5 47. Ke2 Kd4 48. a5 e3 49. Ke1 Kd3 50. Kd1 e2+ 51. Ke1 Na7 52. Kf2 Kd2 53. Kg2 e1Q 54. Kh3 0-1

[Event "ROM-ch U10"]
[Site "Calimanesti"]
[Date "2014.04.07"]
[Round "2"]
[White "Rogojina, Mihai"]
[Black "Circiumaru, Octavian Cristian"]
[Result "1-0"]
[WhiteElo "1172"]
[BlackElo "1001"]
[PlyCount "47"]
[EventDate "2014.04.06"]
[EventType "swiss"]
[EventRounds "9"]
[EventCountry "ROU"]
[SourceTitle "CBM 160 Extra"]
[Source "ChessBase"]
[SourceDate "2014.07.01"]
[SourceVersion "1"]
[SourceVersionDate "2014.07.01"]
[SourceQuality "1"]

1. e4 e5 2. Nf3 Nc6 3. Bb5 f6 4. 0-0 Bc5 5. c3 a6 6. Ba4 Nge7 7. d4 exd4 8. cxd4 Bb6 9. h3 d6 10. d5 Bd7 11. dxc6 bxc6 12. Nc3 0-0 13. Bb3+ Kh8 14. Re1 Ba5 15. Bd2 Bxc3 16. Bxc3 c5 17. Qd2 Bb5 18. a4 Bc6 19. Rad1 Rb8 20. Bc2 Ng6 21. Qd3 Qd7 22. e5 fxe5 23. Nxe5 Nxe5 24. Qxh7# 1-0